College physics (Record no. 2019)
[ view plain ]
| 000 -LEADER | |
|---|---|
| fixed length control field | 00741 a2200205 4500 |
| 010 ## - LIBRARY OF CONGRESS CONTROL NUMBER | |
| LC control number | ENG-85320 |
| 020 ## - INTERNATIONAL STANDARD BOOK NUMBER | |
| International Standard Book Number | 8183186378 |
| Terms of availability | 750.00 (for set of 3 vols.) |
| 035 ## - SYSTEM CONTROL NUMBER | |
| System control number | EN-68853 |
| 037 ## - SOURCE OF ACQUISITION | |
| Source of stock number/acquisition | D.B.Act / Pub |
| 082 14 - DEWEY DECIMAL CLASSIFICATION NUMBER | |
| Classification number | 530 |
| 090 ## - LOCALLY ASSIGNED LC-TYPE CALL NUMBER (OCLC); LOCAL CALL NUMBER (OCLC) | |
| -- | 2053 |
| -- | 2053 |
| 100 1# - MAIN ENTRY--PERSONAL NAME | |
| Personal name | Sarode, R. T. |
| 245 1# - TITLE STATEMENT | |
| Title | College physics |
| Remainder of title | optics and electronics |
| Statement of responsibility, etc | by R. T. Sarode |
| 260 ## - PUBLICATION, DISTRIBUTION, ETC. (IMPRINT) | |
| Place of publication, distribution, etc | Delhi |
| Name of publisher, distributor, etc | Himalaya Publishing House |
| Date of publication, distribution, etc | 2007 |
| 270 ## - ADDRESS | |
| Address | Pooja Apartment, 4-B, Murari Lal Street, Ansari Road, Darya Ganj |
| City | Delhi |
| Postal code | 110 002 |
| Telephone number | 011-23270392 |
| Fax number | 011-23256286 |
| Electronic mail address | himpub@vsnl.com |
| 300 ## - PHYSICAL DESCRIPTION | |
| Extent | V.2 (336p.) |
| Dimensions | 24 cm. (Hb.) |
| 490 ## - SERIES STATEMENT | |
| Volume number/sequential designation | 3 vols. |
| 942 ## - ADDED ENTRY ELEMENTS (KOHA) | |
| Institution code [OBSOLETE] | dpl |
| Koha item type | English Books |
| Call number prefix | 530 / SAR |
| Withdrawn status | Lost status | Source of classification or shelving scheme | Damaged status | Not for loan | Collection code | Home library | Current library | Source of acquisition | Cost, normal purchase price | Total Checkouts | Full call number | Barcode | Date last seen | Copy number | Uniform Resource Identifier | Cost, replacement price | Price effective from | Koha item type |
|---|---|---|---|---|---|---|---|---|---|---|---|---|---|---|---|---|---|---|
| Dewey Decimal Classification | Not For Loan | Non-fiction | D.B.Act.Division | D.B.Act.Division | DBAD/PUB | 750.00 | 530 SAR | EN-68853 | 15/09/2008 | 1 | 2133 | 750.00 | 15/09/2008 | English Books |
